<?xml version="1.0" encoding="UTF-8"?>
<record
    xmlns:xsi="http://www.w3.org/2001/XMLSchema-instance"
    xsi:schemaLocation="http://www.loc.gov/MARC21/slim http://www.loc.gov/standards/marcxml/schema/MARC21slim.xsd"
    xmlns="http://www.loc.gov/MARC21/slim">

  <leader>01990nam a2200301 a 4500</leader>
  <controlfield tag="001">000116309</controlfield>
  <controlfield tag="003">CHAP</controlfield>
  <controlfield tag="005">20220329144610.0</controlfield>
  <controlfield tag="008">191125s2015    mx     |r|    ||||||spa d</controlfield>
  <datafield tag="010" ind1=" " ind2=" ">
    <subfield code="a">112770</subfield>
  </datafield>
  <datafield tag="011" ind1=" " ind2=" ">
    <subfield code="a">113742</subfield>
  </datafield>
  <datafield tag="040" ind1=" " ind2=" ">
    <subfield code="c">CHAP</subfield>
  </datafield>
  <datafield tag="082" ind1="0" ind2="4">
    <subfield code="a">336.72072</subfield>
    <subfield code="b">P92</subfield>
  </datafield>
  <datafield tag="245" ind1="0" ind2="0">
    <subfield code="a">I Premio Nacional de Investigaci&#xF3;n :</subfield>
    <subfield code="b">impulso al desarrollo de las finanzas estatales.</subfield>
  </datafield>
  <datafield tag="246" ind1="0" ind2="0">
    <subfield code="a">Primer Premio Nacional de Investigaci&#xF3;n :</subfield>
    <subfield code="b">impulso al desarrollo de las Finanzas estatales</subfield>
  </datafield>
  <datafield tag="260" ind1=" " ind2=" ">
    <subfield code="a">Ciudad de M&#xE9;xico :</subfield>
    <subfield code="b">UNAM,</subfield>
    <subfield code="c">[2015].</subfield>
  </datafield>
  <datafield tag="300" ind1=" " ind2=" ">
    <subfield code="a">3 v.</subfield>
  </datafield>
  <datafield tag="500" ind1=" " ind2=" ">
    <subfield code="a">Investigaciones ganadoras en la categor&#xED;a de Licenciatura y Posgrado</subfield>
  </datafield>
  <datafield tag="505" ind1=" " ind2=" ">
    <subfield code="a">Volumen 1. Licenciatura 1o. lugar: Gasto p&#xFA;blico, descentralizaci&#xF3;n fiscal y crecimiento econ&#xF3;mico : el caso de Chiapas (1982-2012) /Alfredo Saragos L&#xF3;pez. -- 2o. lugar: El efecto de la distribucci&#xF3;n del gasto de la educaci&#xF3;n en el bienestar educativo de las entidades federativas de M&#xE9;xico (2005-2010) /Juan Carlos S&#xE1;nchez Mujica Dunand. -- [3o. lugar]: An&#xE1;lisis de la eficiencia recaudatoria del impuesto sobre n&#xF3;minas en M&#xE9;xico 2005-2012 / Alejandro Platas L&#xF3;pez. -- Volumen 2. Posgrado 1o. lugar: An&#xE1;lisis fractal aplicada a la recaudaci&#xF3;n local como medida de control para las finanzas estatales / Sergio Lagunas Puls. --2o. lugar: La econom&#xED;a del conocimiento en las entidades federativas de M&#xE9;xico, una propuesta para impulsar su crecimiento econ&#xF3;mico / Carlos Manuel S&#xE1;nchez Ram&#xED;rez. -- Posgrado Menci&#xF3;n especial: An&#xE1;lisis de la implementaci&#xF3;n de la armonizaci&#xF3;n contable en entidades p&#xFA;blicas del estado de Quintana Roo / Juana Trujillo. -- Volumen 3. Rese&#xF1;a.</subfield>
  </datafield>
  <datafield tag="590" ind1=" " ind2=" ">
    <subfield code="a">E11695DGD</subfield>
    <subfield code="b">10</subfield>
    <subfield code="c">20191126</subfield>
    <subfield code="l">UCH01</subfield>
    <subfield code="h">0938</subfield>
  </datafield>
  <datafield tag="590" ind1=" " ind2=" ">
    <subfield code="a">E5765TAJ</subfield>
    <subfield code="b">05</subfield>
    <subfield code="c">20191125</subfield>
    <subfield code="l">UCH01</subfield>
    <subfield code="h">1307</subfield>
  </datafield>
  <datafield tag="590" ind1=" " ind2=" ">
    <subfield code="a">E5765TAJ</subfield>
    <subfield code="b">05</subfield>
    <subfield code="c">20191125</subfield>
    <subfield code="l">UCH01</subfield>
    <subfield code="h">1307</subfield>
  </datafield>
  <datafield tag="650" ind1="1" ind2="4">
    <subfield code="a">Finanzas p&#xFA;blicas</subfield>
    <subfield code="z">M&#xE9;xico</subfield>
    <subfield code="x">Investigaci&#xF3;n.</subfield>
    <subfield code="9">137134</subfield>
  </datafield>
  <datafield tag="650" ind1="1" ind2="4">
    <subfield code="a">Gasto p&#xFA;blico</subfield>
    <subfield code="z">M&#xE9;xico.</subfield>
    <subfield code="9">47253</subfield>
  </datafield>
  <datafield tag="901" ind1=" " ind2=" ">
    <subfield code="a">BK</subfield>
  </datafield>
  <datafield tag="942" ind1=" " ind2=" ">
    <subfield code="c">LIBRO</subfield>
  </datafield>
  <datafield tag="942" ind1=" " ind2=" ">
    <subfield code="n">0</subfield>
  </datafield>
  <datafield tag="999" ind1=" " ind2=" ">
    <subfield code="c">112770</subfield>
    <subfield code="d">112770</subfield>
  </datafield>
  <datafield tag="952" ind1=" " ind2=" ">
    <subfield code="0">0</subfield>
    <subfield code="1">0</subfield>
    <subfield code="2">ddc</subfield>
    <subfield code="4">0</subfield>
    <subfield code="5">2</subfield>
    <subfield code="7">0</subfield>
    <subfield code="8">GRAL</subfield>
    <subfield code="a">BC</subfield>
    <subfield code="b">BC</subfield>
    <subfield code="c">PA_GRAL</subfield>
    <subfield code="d">2019-11-25</subfield>
    <subfield code="f">LIBRO</subfield>
    <subfield code="l">0</subfield>
    <subfield code="o">336.72072 P92 v.1</subfield>
    <subfield code="p">33724002562124</subfield>
    <subfield code="r">2019-12-31 00:00:00</subfield>
    <subfield code="w">2019-12-31</subfield>
    <subfield code="y">LIBRO</subfield>
  </datafield>
  <datafield tag="952" ind1=" " ind2=" ">
    <subfield code="0">0</subfield>
    <subfield code="1">0</subfield>
    <subfield code="2">ddc</subfield>
    <subfield code="4">0</subfield>
    <subfield code="5">2</subfield>
    <subfield code="7">0</subfield>
    <subfield code="8">GRAL</subfield>
    <subfield code="a">BC</subfield>
    <subfield code="b">BC</subfield>
    <subfield code="c">PA_GRAL</subfield>
    <subfield code="d">2019-11-25</subfield>
    <subfield code="f">LIBRO</subfield>
    <subfield code="l">0</subfield>
    <subfield code="o">336.72072 P92 v.2</subfield>
    <subfield code="p">33724002562082</subfield>
    <subfield code="r">2019-12-31 00:00:00</subfield>
    <subfield code="w">2019-12-31</subfield>
    <subfield code="y">LIBRO</subfield>
  </datafield>
  <datafield tag="952" ind1=" " ind2=" ">
    <subfield code="0">0</subfield>
    <subfield code="1">0</subfield>
    <subfield code="2">ddc</subfield>
    <subfield code="4">0</subfield>
    <subfield code="5">2</subfield>
    <subfield code="7">0</subfield>
    <subfield code="8">GRAL</subfield>
    <subfield code="a">BC</subfield>
    <subfield code="b">BC</subfield>
    <subfield code="c">PA_GRAL</subfield>
    <subfield code="d">2019-11-25</subfield>
    <subfield code="f">LIBRO</subfield>
    <subfield code="l">0</subfield>
    <subfield code="o">336.72072 P92 v.3</subfield>
    <subfield code="p">33724002561892</subfield>
    <subfield code="r">2019-12-31 00:00:00</subfield>
    <subfield code="w">2019-12-31</subfield>
    <subfield code="y">LIBRO</subfield>
  </datafield>
</record>
